| 000 | 00803nam a2200289Ia 4500 | ||
|---|---|---|---|
| 001 | 14299 | ||
| 003 | GBCCL | ||
| 005 | 20241126110431.0 | ||
| 008 | 830926s1983 miua b 00110 eng d | ||
| 010 | _a 75033067 | ||
| 020 |
_a0801042739 _c$13.95 |
||
| 035 | _aOCM09949689 | ||
| 040 |
_aVYF _cVYF _dLBB |
||
| 049 | _aLBBK | ||
| 082 |
_a306 _bHIE |
||
| 090 |
_aGN316 _b.H53 1983 |
||
| 092 | 0 |
_a306 _bH633, 1983 _220 |
|
| 100 | 1 | 0 |
_aHiebert, Paul G., _d1932- _92217 |
| 245 | 1 | 0 |
_aCultural anthropology / _cPaul G. Hiebert. |
| 250 | _a2nd ed. | ||
| 260 | 0 |
_aGrand Rapids, Mich. : _bBaker Book House, _cc1983. |
|
| 300 |
_axxiii, 476 p. : _bill. ; _c23 cm. |
||
| 504 | _aIncludes bibliographical references and index. | ||
| 650 | 0 |
_aEthnology. _95301 |
|
| 650 | 0 |
_aCulture. _94481 |
|
| 942 |
_2ddc _cBK _03 |
||
| 999 |
_c2543 _d2543 |
||